|
|
|
|
| LEADER |
00000cam a2200000 i 4500 |
| 001 |
1/772 |
| 008 |
000413s1993 fr | ||| |||| ||eng|| |
| 020 |
|
|
|a 9230028517
|
| 035 |
|
|
|l 10059777
|
| 040 |
|
|
|a GR-MyUa
|b gre
|e AACR2
|
| 041 |
0 |
|
|a eng
|a fre
|a spa
|
| 082 |
7 |
|
|a 378.3
|2 (22)
|
| 245 |
0 |
0 |
|a Study abroad =
|b Etudes a l'etranger = Estudios en el extranjero.
|
| 246 |
1 |
|
|i Παράλληλος τίτλος:
|a Etudes a l'etranger
|
| 246 |
1 |
|
|i Παράλληλος τίτλος:
|a Estudios en el extranjero
|
| 260 |
|
|
|a Paris :
|b Unesco,
|c 1993.
|
| 300 |
|
|
|a 1314 σ. ;
|c 22 εκ.
|
| 650 |
0 |
0 |
|a Educational exchanges
|x Periodicals.
|
| 650 |
0 |
0 |
|a Students, Foreign
|x Periodicals.
|
| 650 |
0 |
0 |
|a Scholarships
|x Periodicals.
|
| 710 |
2 |
|
|a Unesco.
|
| 852 |
|
|
|a INST
|b RHODES
|e 20000413
|h 378.3 STU
|p 005400010096
|q 005400010096
|t BK
|y 0
|
| 922 |
|
|
|a 4ΕΛΗ
|b 199312
|c ΒΙΒΛΙΟΘΗΚΗ
|
| 970 |
|
|
|a ΚΟΥΛΑΚΙΟΤΗ
|b ΛΙΤΣΑ
|z 2000/04/13
|